FC Barcelona Current Squad - Statistics

General Stats
  • This quiz has been taken 46 times
    9 since last reset
  • The average score is 21 of 24
Answer Stats
# Position Nation Player % Correct
15 DF Denmark Andreas Christensen
100%
21 MF Netherlands Frenkie de Jong
100%
2 DF Portugal João Cancelo
100%
10 FW Spain Lamine Yamal
100%
14 FW England Marcus Rashford
100%
5 DF Spain Pau Cubarsí
100%
8 MF Spain Pedri
100%
11 FW Brazil Raphinha
100%
9 FW Poland Robert Lewandowski
100%
4 DF Uruguay Ronald Araújo
100%
3 DF Spain Alejandro Balde
89%
20 MF Spain Dani Olmo
89%
24 DF Spain Eric García
89%
7 FW Spain Ferran Torres
89%
6 MF Spain Gavi
89%
- Manager Germany Hansi Flick
89%
13 GK Spain Joan García
89%
23 DF France Jules Koundé
89%
25 GK Poland Wojciech Szczęsny
78%
16 MF Spain Fermin López
67%
18 DF Spain Gerard Martín
67%
22 MF Spain Marc Bernal
67%
17 MF Spain Marc Casadó
56%
19 FW Sweden Roony Bardghji
44%
No matching quizzes found
Score Distribution
Percent of People with Each Score
Percentile by Number Answered
Your Score History
You have not taken this quiz since the last reset